000 00594nam a2200205Ia 4500
005 20250923144619.0
008 008 250917s9999 xx 000 0 eng d
037 _aTextual
040 _aDSWL
_beng
_cDSWL
041 _aeng
_2eng
084 _aX:97M7, J8
_qDSWL
100 _aUnwalla, Davab B.
_9826633
245 0 _aTextile technocracy (Human relations in factories)
_cby Davab B Unwalla
260 _aBombay
_b Popular Book Depot
_c1958
300 _aix,230p.
365 _aINR
_b21
925 _g21
942 _cTEXL
_hX:97M7, J8
999 _c1441174
_d1441174